| 000 | 00721nam a2200193 a 4500 | ||
|---|---|---|---|
| 001 | 000044130 | ||
| 005 | 20201002045151.0 | ||
| 008 | 100914s1974 sp r 000 0bspa d | ||
| 020 | _a8420427314 | ||
| 040 |
_aDO-SdBNP _bspa _cBNPHU |
||
| 082 |
_a338.98 _bB734d |
||
| 100 | 1 |
_aBoris Rofman, Alejandro _945479 |
|
| 245 | 1 | 0 |
_aDependencia, estructura de poder y formación regional en América Latina / _cAlejandro Boris Rofman. |
| 260 |
_aMéxico D. F. : _bSiglo Veintiuno, _c1974. |
||
| 300 |
_a262 p. ; _c17 cm. |
||
| 500 | _aIncluye notas y refencias bibliográficas y notas al pie de las páginas. | ||
| 650 | 4 |
_aAmerica latina _xCondiciones económicas _932299 |
|
| 650 | 4 |
_aAmérica latina _xPolítica económica _945480 |
|
| 999 |
_c43619 _d43619 |
||